000 00529nam a2200193Ia 4500
008 240510s9999 xx 000 0 und d
020 _a0003540648275
041 _aEng
082 _a004.0151
082 _bM17
100 _aBrim, Lubos ; (et-al) (eds)
245 0 _aMathematical foundations of computer science 1998 : Lecture notes in computer science : Proceedings
260 _bSpringer: Tokyo
260 _c1998
300 _a846 p.
650 _amathematics : computer science :
942 _2ddc
942 _cLBK
999 _c27632
_d27632
945 _a1
_bMadushi Gamage
_c1
_dMadushi Gamage